|
|
|
|
| LEADER |
00000nam a2200000 a 4500 |
| 001 |
UCI5608 |
| 003 |
CL-VaPUC |
| 008 |
080404e20070000CL |||||||||||||||||spa|d |
| 020 |
|
|
|a 9789562644501
|
| 082 |
0 |
4 |
|a 372.7
|b AGU
|2 21
|
| 100 |
0 |
|
|a Aguilar Baeza, Mauricio José
|e author
|9 528115
|
| 700 |
0 |
|
|a Badani Jeldes, Mauricio Hugo
|e author
|9 528116
|
| 700 |
0 |
|
|a Chacón Schneider, María Ximena
|e author
|9 528117
|
| 700 |
0 |
|
|a Guerrero Arcos, Gastón Manuel
|e author
|9 528118
|
| 245 |
1 |
0 |
|a Educación matemática 7º básico. Texto para el estudiante
|
| 300 |
|
|
|a 208 p
|
| 942 |
|
|
|c BK
|
| 945 |
|
|
|d 20080404 00:00:00
|a rbrito
|
| 260 |
|
|
|a Santiago
|b SM
|c 2007
|
| 650 |
|
0 |
|a Matemáticas
|x Enseñanza
|9 875527
|
| 650 |
|
0 |
|a Matemática
|9 260235
|
| 650 |
|
0 |
|a Educación básica
|9 224933
|
| 650 |
|
7 |
|a NUMEROS DECIMALES
|2 CL-VaPUC
|9 369000
|
| 650 |
|
0 |
|a Geometría
|9 264063
|
| 650 |
|
0 |
|a Sistemas numéricos
|9 421917
|
| 650 |
|
7 |
|a POTENCIAS
|2 CL-VaPUC
|9 369385
|
| 583 |
|
|
|a last modification
|c 20171004 12:17:26
|k Rodrigo Vera
|
| 999 |
|
|
|c 329348
|d 329346
|